[Event "Berlin Radtke Memorial op"]
[Site "Berlin"]
[Date "2023.10.24"]
[Round "3"]
[White "Wong, Gengchun"]
[Black "Arndt, Magnus"]
[Result "1-0"]
[WhiteElo "2252"]
[BlackElo "2401"]
[PlyCount "101"]
[EventDate "2023.10.23"]
[EventType "swiss"]
[EventRounds "9"]
[EventCountry "GER"]
[SourceTitle "Mega2024 Update 01"]
[Source "Chessbase"]
[SourceDate "2023.11.12"]
[SourceVersion "1"]
[SourceVersionDate "2023.11.12"]
[SourceQuality "1"]

1. e4 e5 2. Nf3 Nc6 3. Bb5 a6 4. Ba4 Nf6 5. 0-0 Be7 6. Re1 b5 7. Bb3 0-0 8. h3 Na5 9. Nxe5 Nxb3 10. axb3 Bb7 11. d3 d5 12. exd5 Qxd5 13. Qf3 Bd6 14. Kf1 Rfb8 15. Qxd5 Nxd5 16. Bd2 c5 17. Nc3 Nb4 18. Rac1 Rd8 19. Nf3 h6 20. Ne4 Bf8 21. Re2 f5 22. Ng3 Bxf3 23. gxf3 g6 24. Re6 Kf7 25. Rb6 Rd7 26. Ne2 Nd5 27. Rc6 Bd6 28. Ra1 Be5 29. Raxa6 Rxa6 30. Rxa6 Bxb2 31. Rc6 Ba3 32. Bxh6 Ra7 33. Be3 Bb4 34. Bxc5 Ra1+ 35. Kg2 Bd2 36. Rd6 Nc3 37. Nxc3 Bxc3 38. Bd4 Bxd4 39. Rxd4 Rc1 40. c4 b4 41. Rd7+ Ke6 42. Rb7 Rc3 43. Rxb4 Rxd3 44. Rb6+ Ke5 45. b4 g5 46. c5 Kf4 47. c6 Rxf3 48. b5 Rc3 49. Rb7 Rc2 50. Rf7 Rc5 51. c7 1-0

[Event "World-chT Rapid"]
[Site "Dusseldorf"]
[Date "2023.08.26"]
[Round "1.4"]
[White "Martirosyan, Haik M"]
[Black "Arndt, Magnus"]
[Result "1-0"]
[WhiteElo "2683"]
[BlackElo "2405"]
[PlyCount "89"]
[EventDate "2023.08.26"]
[EventType "team-swiss (rapid)"]
[EventRounds "12"]
[EventCountry "GER"]
[SourceTitle "CBM 215 Extra"]
[Source "ChessBase"]
[SourceDate "2023.09.30"]
[SourceVersion "1"]
[SourceVersionDate "2023.09.30"]
[SourceQuality "1"]
[WhiteTeam "Armenia"]
[BlackTeam "Kiel Doppelbauer"]
[WhiteTeamCountry "ARM"]
[BlackTeamCountry "GER"]

1. d4 Nf6 2. c4 e6 3. Bg5 h6 4. Bh4 d5 5. cxd5 exd5 6. Nc3 c6 7. e3 g5 8. Bg3 Bf5 9. Bd3 Bxd3 10. Qxd3 Nbd7 11. h3 Qe7 12. Nge2 Bg7 13. Bh2 Ne4 14. Nxe4 dxe4 15. Qb3 Nb6 16. Ng3 0-0 17. Nf5 Qd7 18. g4 Nd5 19. h4 Ne7 20. Nd6 Ng6 21. hxg5 hxg5 22. Qc2 Qxg4 23. Qxe4 Qxe4 24. Nxe4 Rfe8 25. Nd6 Re6 26. 0-0-0 b6 27. Rhg1 Nh4 28. Rxg5 Nf3 29. Rg2 Rg6 30. Rxg6 fxg6 31. Bg3 Rd8 32. Ne4 Rd5 33. Kc2 Kf7 34. a3 Ke7 35. Bb8 Rd7 36. Rh1 Rb7 37. Bf4 c5 38. Rh3 Ne1+ 39. Kd2 Ng2 40. Bg5+ Ke6 41. Rg3 Kd5 42. Nc3+ Kc4 43. Rxg2 cxd4 44. exd4 Bxd4 45. Rg4 1-0

[Event "GER-ch 94th"]
[Site "Ostfildern"]
[Date "2023.08.17"]
[Round "5"]
[White "Wichmann, Cliff"]
[Black "Arndt, Magnus"]
[Result "0-1"]
[WhiteElo "2310"]
[BlackElo "2405"]
[PlyCount "78"]
[EventDate "2023.08.14"]
[EventType "swiss"]
[EventRounds "9"]
[EventCountry "GER"]
[SourceTitle "CBM 215 Extra"]
[Source "ChessBase"]
[SourceDate "2023.09.30"]
[SourceVersion "1"]
[SourceVersionDate "2023.09.30"]
[SourceQuality "1"]

1. d4 Nf6 2. c4 e6 3. Nf3 Bb4+ 4. Bd2 c5 5. Bxb4 cxb4 6. a3 bxa3 7. Rxa3 Nc6 8. Nc3 0-0 9. e3 b6 10. Be2 Bb7 11. 0-0 Nb4 12. Nb5 Qb8 13. Qb3 a5 14. Rfa1 Rc8 15. Nc3 d6 16. Na2 Nxa2 17. Qxa2 h6 18. h3 Qc7 19. Qb1 d5 20. b3 Ne4 21. Qe1 Qe7 22. Bd3 Nf6 23. c5 bxc5 24. dxc5 Qxc5 25. Rxa5 Rxa5 26. Rxa5 Qc3 27. Qxc3 Rxc3 28. Rb5 Rxd3 29. Rxb7 Rd1+ 30. Kh2 Ne4 31. Ne5 Nxf2 32. g4 Rd2 33. Rb8+ Kh7 34. Nxf7 Nxg4+ 35. Kh1 Nxe3 36. Re8 Rf2 37. Rxe6 Nc2 38. Re7 d4 39. Nd6 d3 0-1

[Event "GER-ch 94th"]
[Site "Ostfildern"]
[Date "2023.08.16"]
[Round "3"]
[White "Wong, Gengchun"]
[Black "Arndt, Magnus"]
[Result "1-0"]
[WhiteElo "2257"]
[BlackElo "2405"]
[PlyCount "61"]
[EventDate "2023.08.14"]
[EventType "swiss"]
[EventRounds "9"]
[EventCountry "GER"]
[SourceTitle "CBM 215 Extra"]
[Source "ChessBase"]
[SourceDate "2023.09.30"]
[SourceVersion "1"]
[SourceVersionDate "2023.09.30"]
[SourceQuality "1"]

1. e4 e5 2. Nf3 Nc6 3. Bb5 a6 4. Ba4 Nf6 5. 0-0 Be7 6. Re1 b5 7. Bb3 0-0 8. h3 Bb7 9. d3 d5 10. exd5 Nxd5 11. Nxe5 Nxe5 12. Rxe5 Qd6 13. Re1 Rae8 14. Nd2 c5 15. Ne4 Qc6 16. c4 Nb6 17. f3 Bh4 18. Re2 Rd8 19. Qc2 b4 20. a3 f5 21. Nxc5 Qxc5+ 22. Be3 Rd4 23. axb4 Qe5 24. Ra5 Qf6 25. Qc3 Rd7 26. Bxb6 Qg6 27. d4 f4 28. Qc2 Qf6 29. Rae5 g6 30. c5+ Kg7 31. d5 1-0

[Event "Bundesliga 2223"]
[Site "Germany"]
[Date "2023.04.01"]
[Round "12.3"]
[White "Mainka, Romuald"]
[Black "Arndt, Magnus"]
[Result "1-0"]
[WhiteElo "2366"]
[BlackElo "2384"]
[PlyCount "93"]
[EventDate "2022.10.21"]
[EventType "team-tourn"]
[EventRounds "15"]
[EventCountry "GER"]
[SourceTitle "CBM 213 Extra"]
[Source "ChessBase"]
[SourceDate "2023.05.31"]
[SourceVersion "1"]
[SourceVersionDate "2023.05.31"]
[SourceQuality "1"]
[WhiteTeam "Remagen Sinzig"]
[BlackTeam "Kiel Turm"]
[WhiteTeamCountry "GER"]
[BlackTeamCountry "GER"]

1. e4 e5 2. Nf3 Nc6 3. Bc4 Nf6 4. d3 h6 5. 0-0 d6 6. a4 g6 7. a5 a6 8. Nc3 Bg7 9. d4 Bg4 10. dxe5 dxe5 11. Qxd8+ Rxd8 12. Ne1 Nd4 13. f3 Bc8 14. Be3 Bf8 15. Nd1 Be7 16. Rf2 Kf8 17. Nd3 Nc6 18. Bd2 Kg7 19. Ne3 Rhe8 20. Bc3 Bd6 21. Bb3 Nd4 22. Ba4 Bd7 23. Bxd7 Nxd7 24. b4 f6 25. Nc4 Ne6 26. Bd2 Bf8 27. Bc3 Be7 28. g3 Nb8 29. Ne3 Nd4 30. Rd1 Nb5 31. Bb2 Rd7 32. Nd5 c6 33. Nxe7 Rexe7 34. f4 exf4 35. Rxf4 Nd4 36. Kg2 Rf7 37. e5 Ne6 38. exf6+ Kh7 39. Re4 Nc7 40. Rde1 Rd8 41. Re7 Rdf8 42. c4 Nd7 43. Bd4 Kg8 44. Nc5 Nxc5 45. Bxc5 Rxe7 46. fxe7 Re8 47. Bd6 1-0

[Event "BL2-Nord 2223"]
[Site "Germany"]
[Date "2023.03.18"]
[Round "9.5"]
[White "Arndt, Magnus"]
[Black "Rietze, Clemens"]
[Result "1-0"]
[WhiteElo "2384"]
[BlackElo "2299"]
[PlyCount "113"]
[EventDate "2022.10.22"]
[EventType "team-tourn"]
[EventRounds "10"]
[EventCountry "GER"]
[SourceTitle "EXT 2024"]
[Source "ChessBase"]
[SourceDate "2023.10.10"]
[SourceVersion "1"]
[SourceVersionDate "2023.10.10"]
[SourceQuality "1"]
[WhiteTeam "Kiel Turm II"]
[BlackTeam "Koenig Tegel"]
[WhiteTeamCountry "GER"]
[BlackTeamCountry "GER"]

1. e4 c6 2. Nf3 d5 3. d3 Qc7 4. Nc3 dxe4 5. dxe4 e5 6. Bc4 h6 7. 0-0 Nf6 8. Nh4 g5 9. Qf3 Nh7 10. Nf5 Be6 11. Bb3 Rg8 12. Rd1 Rg6 13. h4 g4 14. Qe2 Nf6 15. Bxe6 fxe6 16. Ng3 Qe7 17. Be3 Nbd7 18. a4 a5 19. Qd2 Nc5 20. h5 Rg8 21. Bxh6 Bxh6 22. Qxh6 Kf7 23. Rd2 Rg7 24. Rad1 Rag8 25. Qe3 Rh7 26. Nce2 Rgh8 27. Qg5 Ncd7 28. Rd6 Rg7 29. Qd2 Nf8 30. Qxa5 Rg5 31. Qd2 Nxh5 32. Nxh5 Rgxh5 33. Ng3 Rh2 34. Kf1 Qf6 35. Qe3 Qf4 36. Rd8 Kg6 37. Re8 Qxe3 38. fxe3 R2h7 39. Rd2 Kf7 40. Rb8 Kg6 41. Rf2 Nd7 42. Rxb7 Nc5 43. Rxh7 Rxh7 44. b3 Kg5 45. Rf8 Rd7 46. Kg1 Rd2 47. Rc8 Rd6 48. a5 Kf6 49. Ra8 Ke7 50. b4 Na4 51. c4 Rd1+ 52. Kh2 Kd7 53. b5 Kc7 54. b6+ Kb7 55. Ra7+ Kb8 56. Rc7 Rd6 57. a6 1-0

[Event "BL2-Nord 2223"]
[Site "Germany"]
[Date "2023.02.25"]
[Round "7.4"]
[White "Sieciechowicz, Marcin"]
[Black "Arndt, Magnus"]
[Result "0-1"]
[WhiteElo "2401"]
[BlackElo "2384"]
[PlyCount "148"]
[EventDate "2022.10.22"]
[EventType "team-tourn"]
[EventRounds "10"]
[EventCountry "GER"]
[SourceTitle "EXT 2024"]
[Source "ChessBase"]
[SourceDate "2023.10.10"]
[SourceVersion "1"]
[SourceVersionDate "2023.10.10"]
[SourceQuality "1"]
[WhiteTeam "Ruedersdorf Glueckauf"]
[BlackTeam "Kiel Turm II"]
[WhiteTeamCountry "GER"]
[BlackTeamCountry "GER"]

1. d4 Nf6 2. c4 e6 3. Nc3 Bb4 4. Qc2 0-0 5. Nf3 c5 6. dxc5 Na6 7. g3 Nxc5 8. Bg2 Nce4 9. 0-0 Bxc3 10. bxc3 Qc7 11. Nd4 d5 12. cxd5 exd5 13. Bf4 Qc5 14. Rac1 Bd7 15. Nb3 Qe7 16. Be3 Rac8 17. Qb2 b6 18. Bd4 Rfe8 19. Rfe1 h5 20. Nd2 h4 21. Nxe4 dxe4 22. Qd2 Ng4 23. Red1 e3 24. Bxe3 Nxe3 25. Qxe3 Qxe3 26. fxe3 Be6 27. Rd2 hxg3 28. hxg3 Rc5 29. Kf2 Rec8 30. Bb7 R8c7 31. Rd8+ Kh7 32. Be4+ g6 33. Rd2 Rxc3 34. Rxc3 Rxc3 35. Bd5 Bxd5 36. Rxd5 Ra3 37. Rd2 Kg7 38. e4 Kf6 39. e3 Ke6 40. Kf3 Ra4 41. g4 g5 42. Rc2 f6 43. Rb2 Ra5 44. Rc2 b5 45. Rc6+ Ke7 46. e5 fxe5 47. Ke4 Rxa2 48. Kxe5 Kd7 49. Rg6 a5 50. Kd4 a4 51. Kc3 Ra3+ 52. Kb2 Rxe3 53. Rxg5 Kc6 54. Rg8 Kc5 55. Rf8 Rg3 56. Rf5+ Kb4 57. Rf4+ Ka5 58. Re4 Rg2+ 59. Ka1 a3 60. g5 b4 61. g6 Ka4 62. g7 Rxg7 63. Rh4 Rg1+ 64. Ka2 Rg2+ 65. Kb1 Rd2 66. Rg4 Kb3 67. Rg3+ Kc4 68. Rg4+ Rd4 69. Rg8 b3 70. Rg1 Kb4 71. Ka1 Rc4 72. Kb1 b2 73. Ka2 Rc1 74. Rg4+ Kc5 0-1

[Event "GER-ch Rapid 48th"]
[Site "Goettingen"]
[Date "2022.09.25"]
[Round "9"]
[White "Arndt, Magnus"]
[Black "Karsay, Pascal"]
[Result "1-0"]
[WhiteElo "2384"]
[BlackElo "2269"]
[PlyCount "81"]
[EventDate "2022.09.24"]
[EventType "swiss (rapid)"]
[EventRounds "9"]
[EventCountry "GER"]
[SourceTitle "CBM 210 Extra"]
[Source "ChessBase"]
[SourceDate "2022.11.30"]
[SourceVersion "1"]
[SourceVersionDate "2022.11.30"]
[SourceQuality "1"]

1. d4 Nf6 2. c4 e6 3. g3 d5 4. Bg2 Be7 5. Nf3 0-0 6. 0-0 c6 7. Nc3 a5 8. Nd2 b5 9. cxb5 cxb5 10. Nxb5 Ba6 11. Nc3 Nc6 12. Nb3 Qb6 13. Re1 Rfc8 14. e3 Nb4 15. Na4 Qc6 16. Nbc5 Bb5 17. Bd2 Bxa4 18. Nxa4 Nc2 19. Rc1 Qxa4 20. Bc3 Qxa2 21. Qxc2 a4 22. Qd2 Ne4 23. Bxe4 dxe4 24. d5 Qxd5 25. Qxd5 exd5 26. Bd4 Bb4 27. Rxc8+ Rxc8 28. Ra1 Ra8 29. Rc1 a3 30. bxa3 Bxa3 31. Ra1 Ra5 32. Bc3 Ra7 33. Bb4 Bxb4 34. Rxa7 g6 35. Rd7 Kg7 36. Rxd5 Bc3 37. g4 h6 38. Kg2 Kf8 39. Kg3 Ke7 40. Rc5 Bb4 41. Re5+ 1-0

[Event "GER-ch Rapid 48th"]
[Site "Goettingen"]
[Date "2022.09.25"]
[Round "8"]
[White "Svane, Rasmus"]
[Black "Arndt, Magnus"]
[Result "1-0"]
[WhiteElo "2615"]
[BlackElo "2384"]
[PlyCount "71"]
[EventDate "2022.09.24"]
[EventType "swiss (rapid)"]
[EventRounds "9"]
[EventCountry "GER"]
[SourceTitle "CBM 210 Extra"]
[Source "ChessBase"]
[SourceDate "2022.11.30"]
[SourceVersion "1"]
[SourceVersionDate "2022.11.30"]
[SourceQuality "1"]

1. Nf3 Nf6 2. g3 d5 3. Bg2 e6 4. 0-0 Be7 5. c4 0-0 6. b3 b6 7. d4 Bb7 8. Nc3 c5 9. dxc5 Bxc5 10. Ne5 Nbd7 11. Bf4 Rc8 12. Rc1 Ba8 13. cxd5 Nxe5 14. Bxe5 Nxd5 15. Nxd5 Bxd5 16. e4 Bb7 17. Qg4 f6 18. Qxe6+ Kh8 19. Bf4 Re8 20. Qf5 Qe7 21. Rfe1 Bb4 22. Red1 Rxc1 23. Rxc1 Bd6 24. Rd1 Bxf4 25. Qxf4 h6 26. Rd4 Qc5 27. Rd7 Bc8 28. Rxa7 Qd4 29. h4 b5 30. Qc7 f5 31. Ra8 Qd1+ 32. Kh2 Qd7 33. Qxd7 Bxd7 34. Rxe8+ Bxe8 35. exf5 Bd7 36. g4 1-0

[Event "GER-ch blitz"]
[Site "Magdeburg"]
[Date "2022.08.21"]
[Round "13"]
[White "Arndt, Magnus"]
[Black "Scheftlein, Richard"]
[Result "0-1"]
[WhiteElo "2365"]
[BlackElo "2279"]
[PlyCount "75"]
[EventDate "2022.08.21"]
[EventType "tourn (blitz)"]
[EventRounds "29"]
[EventCountry "GER"]
[EventCategory "5"]
[SourceTitle "CBM 210 Extra"]
[Source "ChessBase"]
[SourceDate "2022.11.30"]
[SourceVersion "1"]
[SourceVersionDate "2022.11.30"]
[SourceQuality "1"]

1. d4 Nf6 2. c4 e6 3. g3 d5 4. Bg2 Be7 5. Nf3 0-0 6. 0-0 dxc4 7. Qc2 a6 8. a4 Bd7 9. Qxc4 Bc6 10. Bg5 Nbd7 11. Nc3 h6 12. Bxf6 Nxf6 13. Rfd1 a5 14. Ne5 Bxg2 15. Kxg2 c6 16. Qb3 Bb4 17. Na2 Qd5+ 18. Qxd5 Nxd5 19. e4 Nf6 20. Nxb4 axb4 21. f3 Rfd8 22. Kf2 Nd7 23. Nd3 Nb6 24. Nc5 Nc4 25. b3 Na5 26. e5 b6 27. Ne4 Nxb3 28. Rab1 Nxd4 29. Rxb4 c5 30. Rxb6 Rxa4 31. Nd6 Ra2+ 32. Ke3 Ra3+ 33. Rd3 Rxd3+ 34. Kxd3 Nxf3 35. Ke4 Nxh2 36. Rc6 Ng4 37. Rxc5 h5 38. Kf4 0-1

[Event "GER-ch blitz"]
[Site "Magdeburg"]
[Date "2022.08.21"]
[Round "24"]
[White "Arndt, Magnus"]
[Black "Vogel, Roven"]
[Result "1-0"]
[WhiteElo "2365"]
[BlackElo "2516"]
[PlyCount "61"]
[EventDate "2022.08.21"]
[EventType "tourn (blitz)"]
[EventRounds "29"]
[EventCountry "GER"]
[EventCategory "5"]
[SourceTitle "CBM 210 Extra"]
[Source "ChessBase"]
[SourceDate "2022.11.30"]
[SourceVersion "1"]
[SourceVersionDate "2022.11.30"]
[SourceQuality "1"]

1. d4 d5 2. c4 e6 3. Nf3 Nf6 4. g3 Bb4+ 5. Nbd2 0-0 6. Bg2 b6 7. 0-0 Bb7 8. a3 Be7 9. cxd5 exd5 10. b4 c6 11. Bb2 a5 12. Qb3 Nbd7 13. Ne5 Nxe5 14. dxe5 Ne8 15. e4 d4 16. Nf3 c5 17. bxc5 Bxc5 18. Rfd1 Bxe4 19. Nxd4 Bxg2 20. Kxg2 Qc8 21. Rac1 a4 22. Qf3 Nc7 23. Nf5 Ne6 24. Qg4 Qb7+ 25. Kg1 Rad8 26. h4 b5 27. h5 Qb6 28. Nxg7 Nxg7 29. e6 Rxd1+ 30. Rxd1 f6 31. Rd7 1-0

[Event "GER-ch blitz"]
[Site "Magdeburg"]
[Date "2022.08.21"]
[Round "29"]
[White "Dubansky, Marcel"]
[Black "Arndt, Magnus"]
[Result "0-1"]
[WhiteElo "2225"]
[BlackElo "2365"]
[PlyCount "122"]
[EventDate "2022.08.21"]
[EventType "tourn (blitz)"]
[EventRounds "29"]
[EventCountry "GER"]
[EventCategory "5"]
[SourceTitle "CBM 210 Extra"]
[Source "ChessBase"]
[SourceDate "2022.11.30"]
[SourceVersion "1"]
[SourceVersionDate "2022.11.30"]
[SourceQuality "1"]

1. e4 e5 2. Nf3 Nc6 3. Bb5 a6 4. Ba4 Nf6 5. 0-0 Be7 6. Re1 b5 7. Bb3 0-0 8. a4 Na5 9. Ba2 d5 10. exd5 e4 11. Ne5 c6 12. d4 cxd5 13. Bg5 Be6 14. Nc3 b4 15. Ne2 Nd7 16. Bxe7 Qxe7 17. Nf4 Qd6 18. Nxd7 Qxd7 19. Nxe6 fxe6 20. Qg4 Rf6 21. Re2 Qd6 22. Rd1 Raf8 23. Rde1 Rg6 24. Qh3 Nc6 25. Qe3 Rf3 26. Qd2 Rh3 27. g3 Rgh6 28. f4 exf3 29. Rf2 Rxg3+ 30. Kf1 Rgh3 31. Re3 Rf6 32. c3 bxc3 33. bxc3 h6 34. Qb2 Qf4 35. Rxe6 Rxe6 36. Bxd5 Qe3 37. Qd2 Qxd2 38. Bxe6+ Kf8 39. Rxd2 Rh5 40. Rf2 Ke7 41. Bg4 Rg5 42. Bxf3 Na5 43. Be2 Rg6 44. Bd3 Rc6 45. Rc2 Nc4 46. Re2+ Kd8 47. d5 Rc5 48. Be4 Nd6 49. Bg2 Rxc3 50. Re6 Kd7 51. Rg6 Rc1+ 52. Kf2 Rc2+ 53. Ke3 Ne8 54. Bh3+ Ke7 55. d6+ Kd8 56. Re6 Rc3+ 57. Kd4 Rxh3 58. Kc5 Rc3+ 59. Kd4 Rc1 60. Ke5 Re1+ 61. Kd5 Nf6+ 0-1

[Event "Berlin Doppelbauer"]
[Site "Berlin"]
[Date "2022.08.09"]
[Round "4"]
[White "Arndt, Magnus"]
[Black "Petrovskiy, Vadim"]
[Result "1-0"]
[WhiteElo "2347"]
[BlackElo "2332"]
[PlyCount "49"]
[EventDate "2022.08.08"]
[EventType "tourn"]
[EventRounds "9"]
[EventCountry "GER"]
[EventCategory "8"]
[SourceTitle "CBM 209 Extra"]
[Source "ChessBase"]
[SourceDate "2022.09.30"]
[SourceVersion "1"]
[SourceVersionDate "2022.09.30"]
[SourceQuality "1"]

1. e4 c5 2. Nf3 d6 3. Bb5+ Nd7 4. 0-0 Ngf6 5. Re1 a6 6. Bf1 e6 7. c3 Ne5 8. d4 cxd4 9. cxd4 Nxf3+ 10. Qxf3 d5 11. e5 Ne4 12. Qe3 h6 13. f3 Ng5 14. Nc3 Be7 15. Bd3 0-0 16. Bc2 f5 17. exf6 Bxf6 18. Qd3 Re8 19. Bxg5 hxg5 20. Qh7+ Kf8 21. Bg6 Bxd4+ 22. Kh1 Ke7 23. Bxe8 Kxe8 24. Rad1 Bxc3 25. bxc3 1-0

[Event "Berlin Doppelbauer"]
[Site "Berlin"]
[Date "2022.08.09"]
[Round "3"]
[White "Olsen, Filip Boe"]
[Black "Arndt, Magnus"]
[Result "1-0"]
[WhiteElo "2427"]
[BlackElo "2347"]
[PlyCount "101"]
[EventDate "2022.08.08"]
[EventType "tourn"]
[EventRounds "9"]
[EventCountry "GER"]
[EventCategory "8"]
[SourceTitle "CBM 209 Extra"]
[Source "ChessBase"]
[SourceDate "2022.09.30"]
[SourceVersion "1"]
[SourceVersionDate "2022.09.30"]
[SourceQuality "1"]

1. d4 Nf6 2. c4 e6 3. Nf3 d5 4. Nc3 a6 5. cxd5 exd5 6. Bg5 Be6 7. Bxf6 Qxf6 8. Qb3 Ra7 9. h4 h6 10. e3 Qd8 11. Bd3 Nd7 12. 0-0-0 b5 13. Qc2 Bd6 14. Bf5 Bxf5 15. Qxf5 c6 16. g4 Qf6 17. Ne1 Qxf5 18. gxf5 Nf6 19. Rg1 Rg8 20. Nd3 g6 21. fxg6 Rxg6 22. Rxg6 fxg6 23. Rg1 Kf7 24. Ne2 Ng8 25. Nef4 Ne7 26. Kd2 a5 27. f3 Rd7 28. Rc1 Rd8 29. h5 g5 30. Nh3 Rc8 31. Nhf2 Kg7 32. Ng4 Rf8 33. Ke2 Re8 34. Nde5 Rc8 35. Nd3 Re8 36. Nge5 Rc8 37. e4 Bxe5 38. Nxe5 Rd8 39. Ke3 Rd6 40. b3 Re6 41. a4 bxa4 42. bxa4 dxe4 43. fxe4 Nc8 44. Nxc6 Nb6 45. e5 Nxa4 46. d5 Re8 47. d6 Nb6 48. Rb1 Nc4+ 49. Kd4 Nxd6 50. exd6 Re6 51. Kd5 1-0